Normal view
MARC view
Entry Personal Name
001 - CONTROL NUMBER
- control field: 62529
003 - CONTROL NUMBER IDENTIFIER
- control field:
005 - DATE AND TIME OF LATEST TRANSACTION
- control field: 20210601181930.0
008 - FIXED-LENGTH DATA ELEMENTS
- fixed length control field: 210601|| aca||aabn | a|a d
040 ## - CATALOGING SOURCE
- Original cataloging agency:
- Transcribing agency:
100 ## - HEADING--PERSONAL NAME
- Personal name: Hickling, C.F.,
- Fuller form of name: (Charles Frederick)
670 ## - SOURCE DATA FOUND
- Source citation: Work cat.: (): Hickling, C.F., (Charles Frederick), The farming of fish/, c1968
